| 000 | 00619nam a22002057i 4500 | ||
|---|---|---|---|
| 999 |
_c23223 _d23223 |
||
| 003 | AR-CdUCM | ||
| 008 | 250224b20002000nyu||||| |||| 00| 0 eng d | ||
| 020 | _a978-0-8050-6292-2 | ||
| 040 |
_aMUNICIPALIDAD PROVINCIAL DEL CUSCO _cBIBLIOTECA MUNICIPAL DEL CUSCO |
||
| 041 | _heng | ||
| 082 |
_a PI / 370 / F57 _bF57 |
||
| 100 |
_aFleming, Denise _951054 |
||
| 245 | _aThe Everything Book / | ||
| 260 |
_aNew York : _bHenry Holt And Company _c2000 |
||
| 300 |
_a64 páginas. : _bA todo color _c23x22 cm. |
||
| 505 | _aEverything | ||
| 856 | _fwww.HenryHoltKids.com | ||
| 942 |
_2ddc _cLIBROS |
||
| 945 |
_apbjr _d24-02-2025 |
||